Ο ήχος της Ναίμ audiophile jazz standarts

Αποθηκεύτηκε σε:
Λεπτομέρειες βιβλιογραφικής εγγραφής
Μορφή: CD Ηχητικό
Γλώσσα:Greek
Δημοσίευση: [Χ.τ.] : [Χ.ο.], [199-]
Θέματα:
Ετικέτες: Προσθήκη ετικέτας
Δεν υπάρχουν, Καταχωρήστε ετικέτα πρώτοι!

MARC

LEADER 00000cjm a2200000 i 4500
001 1/56984
007 sd fs gn m ed
008 040608s gr gre d
035 |l 10073694 
040 |a GR-MY-UA  |b gre  |e aacr 
041 0 |a gre 
082 0 |a 782.42165 
245 1 2 |a Ο ήχος της Ναίμ  |h [ηχογράφηση] :  |b audiophile jazz standarts 
260 |a [Χ.τ.] :   |b [Χ.ο.],   |c [199-] 
300 |a 1 δίσκος κόμπακτ;  |b ψηφιακός, στέρεο;  |c 4 3/4 ιν. 
500 |a Συνοδευτικό CD του περιοδικού Ήχος & Hi-Fi 
650 0 0 |a Jazz. 
852 |a INST  |b LESVOS  |c AV  |e 20040608  |h 782.42165 ΗΧΟ  |p 005100028167  |q 005100028167  |t CD  |y 23 
901 |a BIBL1-2004-2 
909 |a Λ  |b 112007 
970 |a ΜΑΡΙΝΑΤΟΥ  |b ΜΥΡΣΙΝΗ  |z 2004/06/08